000 00366nam a22001577a 4500
005 20160627145729.0
008 160627b xxu||||| |||| 00| 0 eng d
020 _a0-14-100245-X
041 _aeng
082 _b10500
100 _aNarayan, R.K.
_92880
245 _aMemories of Malgudi
260 _bPenguin India
_c1999
650 _aManagement
_9241
942 _cBK
999 _c4273
_d4272